000 00633nam a2200169Ia 4500
008 090124s9999 xx 000 0 und d
082 _b29862
_a711
100 _aजायस्वाल जयनारायण
245 _a ब्लडप्रेशर कारण निवारण
250 _a0
300 _a64
600 _aजायस्वाल जयनारायण
630 _a ब्लडप्रेशर कारण निवारण
700 _aजायस्वाल जयनारायण
730 _a ब्लडप्रेशर कारण निवारण
942 _cBOOK
999 _c143344
_d143344